| 000 | 00847cam a22002897a 4500 | ||
|---|---|---|---|
| 003 | CHAP | ||
| 005 | 20220329141951.0 | ||
| 008 | 981023d1921 mx a r 00110 spa d | ||
| 010 | _a76406 | ||
| 011 | _a77378 | ||
| 035 | _a86984 | ||
| 040 | _cCHAP | ||
| 082 | 0 | 4 |
_a635 _bT35Y 1921 |
| 100 | 0 | 0 |
_aTamaro, Domenico. _9111518 |
| 245 | 1 | 0 |
_aManual de horticultura _c/por D. Tamaro |
| 260 |
_aBarcelona : _bGili, _c1921. |
||
| 300 |
_a585 p. : _bilus. |
||
| 500 | _aTrad. de la 6 ed. en italiano de 1921 | ||
| 590 |
_aBATCH-UPD _b10 _c20130110 _lUCH01 _h0302 |
||
| 590 |
_aBATCH-UPD _b10 _c20130110 _lUCH01 _h1751 |
||
| 590 |
_aCONVERSION _b10 _c20130109 _lUCH01 _h1342 |
||
| 650 | 1 | 4 |
_aHorticultura. _956291 |
| 901 | _aBK | ||
| 905 | _aGuadalupe Pinto C. | ||
| 942 | _cLIBRO | ||
| 949 |
_a635 T35Y 1921 _bBC _cBPP _d33724000249223 _eBPP _h23969 _i86984 _sb |
||
| 999 |
_c76406 _d76406 |
||